[Event "RUS-Cup03 Geller Memorial"]
[Site "Moscow"]
[Date "1999.02.10"]
[Round "9"]
[White "Lastin, Alexander"]
[Black "Nureev, Garun"]
[Result "0-1"]
[WhiteElo "2558"]
[BlackElo "2380"]
[Annotator "Finkel,A"]
[PlyCount "46"]
[EventDate "1999.02.10"]
[EventType "swiss"]
[EventRounds "9"]
[EventCountry "RUS"]
[SourceTitle "CBM 070"]
[Source "ChessBase"]
[SourceDate "1999.06.08"]
[SourceVersion "1"]
[SourceVersionDate "1999.06.08"]
[SourceQuality "1"]

1. d4 Nf6 2. Bg5 Ne4 3. Bh4 d5 4. f3 Nf6 5. Nc3 e6 6. e4 Be7 7. e5 Nfd7 8. Bxe7
Qxe7 9. f4 {Strangely enough the game which started with Trompovsky
transformed to one of the variations of french defense!Idon't know about white,
but according to the game black was quiet familiar with the ideas of variation!
} a6 10. Nf3 c5 11. Qd2 Nc6 12. dxc5 Nxc5 13. O-O-O b5 14. Bd3 b4 (14... Bb7 $5
15. Ne2 (15. Kb1 Nxd3 16. Qxd3 Na5 17. Nd4 Qb4 18. a3 Qe7 19. Na2 $14 {Speyer,
N-Van Dongen,R Dieren 1997.}) 15... Rc8 (15... O-O-O 16. Ned4 Ne4 17. Bxe4 dxe4
18. Nxc6 Bxc6 19. Nd4 Bd5 $13 {Sergejev,R-Gradalsky,P 1995}) 16. Kb1 Ne4 17.
Bxe4 dxe4 18. Ng5 Nb4 19. c3 h6 $132 {Lakos,N-Pitam,E 1993}) (14... Bd7 15. Kb1
b4 16. Ne2 Rb8 17. Ned4 Na5 18. b3 Nc6 $132 {Kron,V-Shabrin,A Pavlodar 1991.})
15. Ne2 Qc7 $5 {In the previous games black has tried 15...b3 and 15...a5 in
both cases with complicated struggle.Move in the game also has a right to
exist.} (15... b3 16. a3 bxc2 17. Bxc2 a5 18. f5 Ba6 19. Ned4 Nxd4 20. Qxd4
exf5 21. Qxd5 $14 {Wedberg,T-Fries Nielsen,J 1979}) (15... a5 $5 16. f5 Nxd3+
17. Qxd3 Ba6 18. Qe3 Bxe2 19. Qxe2 O-O 20. Kb1 a4 21. Nd4 Nxd4 22. Rxd4 exf5
$13 {Chandler,M-Seiravan,Y 1991}) 16. Kb1 a5 17. Qe3 Qb6 18. g4 Ba6 19. f5 $6 {
This logical move turns to be an inaccuracy permitting black to develop
dangerous attack.} (19. Bxa6 $5) 19... b3 $1 $36 {[%csl Rb1]} 20. axb3 ({
Of course not} 20. cxb3 $2 d4 $1 {[%csl Gd4][%cal Ge3b6]} 21. Nexd4 Nxd3 22.
Rxd3 Bxd3+ 23. Qxd3 Rd8 24. Rd1 Nxd4 25. Nxd4 O-O $15 {and black is clearly
better.}) 20... a4 21. Bxa6 $2 {This move is probably a decisive mistake.It
was nessasary to play} (21. bxa4 Bxd3 22. cxd3 Rxa4 23. Nc1 $2 (23. d4 $1 Nb3
24. Nc3 Ra1+ (24... Ra7 $5) 25. Kc2 Nbxd4+ {[%cal Ga1h1]} 26. Nxd4 Nxd4+ 27.
Kd3 (27. Qxd4 Qxd4 28. Rxd4 Rxh1 $19) 27... Qa6+ 28. Kd2 Rxd1+ (28... Nb3+ 29.
Kc2 d4 30. Qg5 $1 Rxd1 31. Rxd1 $16) 29. Rxd1 Qc4 $13 {with unclear position.})
(23. Nc3 Ra1+ $1 $19 {[%cal Gb6e3,Gc5b3]}) 23... Ra1+ $1 24. Kc2 Nb4+ 25. Kd2
Rb1 $40 {[%csl Rb2]}) 21... axb3 $1 $19 22. Bb7 $2 {Choosing the quickest way
to lose the game,but also after} (22. Bd3 $2 Ra2 $1 {[%cal Gb6e3,Ga2b2,Gc5a4]}
23. c3 (23. Qd2 Ra1+ $1 24. Kxa1 Qa7+ 25. Kb1 Qa2+ 26. Kc1 Qa1#) (23. Bb5 Qxb5
24. cxb3 Nb4 25. Ned4 Qa5 26. Nc2 Ra1+ $1 27. Nxa1 Qa2+ 28. Kc1 Qxa1+ 29. Kd2
Qxb2+ 30. Ke1 Nc2+ $19) 23... Rxb2+ $1 24. Kc1 (24. Kxb2 Na4+ 25. Ka3 Qxe3 26.
Kxa4 Qxf3 $19) 24... Qa7 $1 $19 {or}) (22. cxb3 $5 Rxa6 23. Ned4 Nb4 $1 24. Qe2
(24. Rhe1 Ra1+ $1 25. Kxa1 Qa5+ 26. Kb1 Qa2+ 27. Kc1 Qa1+ 28. Kd2 Qxb2+ $19)
24... O-O 25. Qb5 Nxb3 $1 $19 {black is winning.}) 22... bxc2+ 23. Kxc2 Nb4+ $1
(23... Nb4+ {White probably missed this lethal check.} 24. Kc3 (24. Kb1 Ra1+
25. Kxa1 Nc2+ 26. Kb1 Nxe3 $19) 24... Ne4+ 25. Qxe4 dxe4 26. Bxa8 exf3 27. Bxf3
O-O $19) 0-1

[Event "Pulvermuehle 2nd"]
[Site "Pulvermuehle"]
[Date "2004.02.23"]
[Round "6"]
[White "Baramidze, David"]
[Black "Bischoff, Klaus"]
[Result "1-0"]
[WhiteElo "2456"]
[BlackElo "2561"]
[Annotator "Finkel,A"]
[PlyCount "53"]
[EventDate "2004.02.19"]
[EventType "tourn"]
[EventRounds "11"]
[EventCountry "GER"]
[EventCategory "11"]
[SourceTitle "CBM 100"]
[Source "ChessBase"]
[SourceDate "2004.06.01"]
[SourceVersion "1"]
[SourceVersionDate "2004.06.01"]
[SourceQuality "1"]

1. e4 e6 2. d4 d5 3. Nc3 Nf6 4. Bg5 Be7 5. e5 Nfd7 6. Bxe7 Qxe7 7. f4 a6 8. Nf3
Nb6 9. Bd3 (9. Qd2 Bd7 10. a4 (10. Bd3 $5 c5 11. O-O Nc6 12. dxc5 Qxc5+ 13. Kh1
Ne7 14. Ne2 Qc7 15. b3 $14 {Gutierrez,J-Santamaria,M/Duitama 1999}) (10. O-O-O
$6 Bb5 $1 $132 (10... Nc6 11. h3 O-O-O 12. g4 Kb8 13. Bd3 Na7 14. f5 h6 15. Ne2
Nc4 16. Bxc4 dxc4 17. Qf4 $14 {Lahno,K-Iljushin,A/Istanbul 2003}) 11. Nxb5 $6
axb5 12. Bxb5+ c6 13. Bd3 Rxa2 $36 {Inarkiev,E-Morozevich,A/Krasnoyarsk 2003})
10... Qb4 11. b3 Nc6 12. Nd1 Qxd2+ 13. Kxd2 f6 14. Ne3 O-O 15. c3 $14 {
Naiditsch,A-Sakaev,K/Rethymnon 2003}) 9... Bd7 (9... Qb4 10. Qc1 Nc4 11. Bxc4
Qxc4 12. Qe3 $14) 10. O-O Nc6 11. Kh1 {This move is usually a usefull one in
this kind of position, but I'm not sure that giving up his lightsquared bishop
is the best plan under the circumstances.} (11. a3) 11... h6 12. Ne2 Nb4 13. a3
Nxd3 14. cxd3 O-O-O {Brave decision, but more in the spirit of the position
would be castling kingside. Mostly due to the fact that it's pretty difficult
for white to organize an attack without his lightsquared bishop.} (14... O-O)
15. Qd2 (15. a4 Kb8 (15... Qb4 16. a5 Na4 17. b3 Nc3 18. Qd2) 16. a5 Nc8 17.
Qd2 Na7) 15... Kb8 16. Rfc1 $6 {This move is just a waste of time.} (16. Qa5
Bb5 17. Rfd1 Nc8 18. a4 b6 19. Qc3 Be8 20. a5 $16) 16... f6 17. Qa5 Be8 (17...
Bb5 18. Rc3 Nc8 19. Rb3 b6 20. Qd2 Be8 21. Rc3 Bh5) (17... g5 $2 18. Qc5 $1 $16
{[%csl Rc7,Rf6]}) 18. a4 Qd7 $2 {Playing into white's hands. After this
careless move white's attack is just unstoppable.} (18... Bh5 $8 19. Nfg1 (19.
b4 Bxf3 20. gxf3 fxe5 21. b5 Qh4 22. Rf1 e4 23. fxe4 Qh3 24. Ng3 h5 $132) 19...
Rhf8 20. b4 fxe5 21. dxe5 Bg6 22. Rd1 d4 23. b5 Rd5 24. Qd2 $40) 19. Nd2 $1 $16
{[%cal Gd2b3,Gb3c5]} Rc8 20. Nb3 Nxa4 $2 (20... Qf7) 21. Nc3 Nxc3 (21... Nb6
22. Nc5 Qc6 23. b4 Nd7 24. b5 Qb6 25. Qa3 Nxc5 26. dxc5 Qa7 27. c6 $18) 22.
bxc3 Qb5 23. Qa3 Qxd3 24. Nc5 Qc4 25. Rcb1 Bb5 26. Rb4 Qe2 27. c4 $1 1-0

[Event "GER-GRE"]
[Site "Fuerth"]
[Date "2002.09.04"]
[Round "5"]
[White "Vouldis, Angelos"]
[Black "Luther, Thomas"]
[Result "1-0"]
[WhiteElo "2515"]
[BlackElo "2551"]
[Annotator "Finkel,A"]
[PlyCount "65"]
[EventDate "2002.08.31"]
[EventType "team"]
[EventRounds "6"]
[EventCountry "GER"]
[SourceTitle "CBM 091"]
[Source "ChessBase"]
[SourceDate "2002.11.12"]
[SourceVersion "1"]
[SourceVersionDate "2002.11.12"]
[SourceQuality "1"]
[WhiteTeam "Greece"]
[BlackTeam "Germany"]
[WhiteTeamCountry "GRE"]
[BlackTeamCountry "GER"]

1. e4 e6 2. d4 d5 3. Nc3 Nf6 4. Bg5 Be7 5. e5 Nfd7 6. h4 $5 Bxg5 7. hxg5 Qxg5
8. Nb5 (8. Rh5 Qe7 9. Qg4 f5 10. Qh3 (10. Qg3 Nf8 11. f4 Bd7 12. Nf3 Nc6 13.
O-O-O O-O-O 14. Bb5 Kb8 $15 {Soby,F-Sanguinetti,R/Varna 1962}) 10... Nf8 11.
O-O-O Bd7 12. g4 fxg4 13. Qxg4 Nc6 14. Rg5 Rg8 15. Nge2 O-O-O $13 {Velimirovic,
D-Kovacevic,V/Zlatibor 1989}) 8... Na6 $6 {[%csl Ra6] The knight is very bad
placed on a6, that's why white gets very good compensation for a pawn.} (8...
Qd8 9. Qg4 g6 10. Bd3 (10. O-O-O a6 11. Nc3 c5 12. f4 Nc6 13. dxc5 Nxc5 14. Nf3
Bd7 15. Rh6 Qe7 16. Bd3 O-O-O 17. Qg5 Qf8 18. Qh4 $14 {Velimirovic,D-Antic,D/
Vrnjacka Banja 1999}) 10... Nf8 11. Nf3 a6 12. Nc3 Nc6 13. Qf4 Qe7 14. O-O-O
Bd7 15. Rh6 O-O-O 16. Rdh1 Be8 17. a3 $14 {Lawrence,T-Barry,J/ENG-USA cable m
1909}) 9. Nh3 (9. Qd3 Nxe5 $6 10. dxe5 Qxe5+ 11. Kd2 Qxb2 12. Re1 c6 13. Nd6+
Ke7 14. Nf5+ $14 {Felegyhazi,L-Comp Fritz 5/Debrecen 1998}) 9... Qe7 10. Qg4 f5
(10... Qb4+ 11. c3 Qxb2 12. Rd1 g6 (12... Kf8 13. Ng5 h6 $2 14. Qf3 $1 $16 {
[%csl Rf7]}) 13. Ng5 h5 14. Qf4 Rf8 15. Rh3 $44) (10... g6 11. O-O-O Nb6 12.
Nf4 Bd7 13. Rh3 $36 {[%cal Gh3c3]}) 11. Qg3 Nf8 ({Too dangerous is} 11... Qb4+
12. c3 Qxb2 13. Rd1 g6 14. Ng5 Nf8 15. Nxh7 $1 $16 {and black is in troubles.})
12. O-O-O Bd7 13. Nf4 Bxb5 $2 {Very bad move after which white gets very
comfortable advantage.} (13... Bc6 $5 14. Kb1 Nb8 $132) 14. Bxb5+ c6 15. Bxa6
bxa6 16. Rd3 $1 $16 {[%csl Ra6,Rc6,Re8]} Rb8 17. Rb3 Rb6 (17... Rxb3 18. Qxb3
Qc7 19. Rh3 Qb6 20. Qa4 Qb5 21. Qxb5 axb5 22. Ra3 $16) 18. Qc3 Kf7 19. Rxb6
axb6 20. Qxc6 h5 21. Kb1 $1 {White doesn't want to take a risk with} (21. Qxb6
$5 Qg5 22. g3 h4 23. Kb1 hxg3 24. Rxh8 Qxf4 25. Qd6 gxf2 26. Qxf8+ Kg6 27. Qe8+
Kg5 28. Qh5#) 21... h4 22. Qxb6 Qg5 23. Qc7+ Kg8 24. Nh3 $1 Qg4 (24... Qxg2 25.
Rg1 $18 {[%csl Rg7]}) 25. f4 Rh5 26. Qe7 $1 $18 {[%cal Gh3g5] Depriving black
of very last chance to survive.} Qxg2 (26... Rh6 27. Ng5 Qh5 28. a4 $18) 27.
Rg1 Qxg1+ 28. Nxg1 h3 29. Nxh3 Rxh3 30. a4 Rf3 31. b4 Rxf4 32. b5 axb5 33. axb5
1-0

[Event "EU-Cup 18th"]
[Site "Kallithea"]
[Date "2002.09.26"]
[Round "5.2"]
[White "Efimenko, Zahar"]
[Black "Volkov, Sergey"]
[Result "1-0"]
[WhiteElo "2557"]
[BlackElo "2636"]
[Annotator "Finkel,A"]
[PlyCount "119"]
[EventDate "2002.09.22"]
[EventType "team-swiss"]
[EventRounds "7"]
[EventCountry "GRE"]
[SourceTitle "CBM 092"]
[Source "ChessBase"]
[SourceDate "2003.02.06"]
[SourceVersion "1"]
[SourceVersionDate "2003.02.06"]
[SourceQuality "1"]
[WhiteTeam "Momot Alexander"]
[BlackTeam "St Petersburg"]
[WhiteTeamCountry "UKR"]
[BlackTeamCountry "RUS"]

1. e4 e6 2. d4 d5 3. Nc3 Nf6 4. Bg5 Be7 5. e5 Nfd7 6. Bxe7 Qxe7 7. f4 O-O 8.
Nf3 c5 9. Qd2 Nc6 10. dxc5 f5 11. exf6 Qxf6 12. g3 Nxc5 13. O-O-O Rd8 14. Bg2 {
White has tried many different moves in this position, but it seems that the
one tried in the game also doesn't promise white anything special.} (14. Bd3
Bd7 15. Rhe1 (15. Kb1 Be8 16. Qf2 $6 Nxd3 17. cxd3 e5 18. Qd2 Bh5 $15 {
Karlsson,T-Gleizerov,E/Rilton Cup 1998}) 15... Be8 (15... Rac8 16. Kb1 Be8 17.
Qf2 Nxd3 18. Rxd3 Bg6 19. Rd2 Na5 20. Qd4 Nc4 $132 {Gallagher,J-Weinzettl,E/zt
1.2 2000}) 16. Ne5 Rac8 17. Kb1 Nxe5 18. Rxe5 Nd7 19. Ree1 Bh5 (19... Bf7 20.
g4 Qh4 21. Nb5 Nc5 22. Qe2 a6 23. Nd4 Re8 24. Qf3 $14 {Markidis,K-Bagirov,R/
Patras 1999}) 20. Be2 Bg6 21. Bd3 (21. Bg4 Rc6 22. Qd4 Qxd4 23. Rxd4 Kf7 $11 {
Mukhaev,A-Gleizerov,E/RUS-Cup07 1998}) 21... Bh5 22. Be2 Bg6 23. Bd3 Bh5 24.
Be2 {1/2-1/2 Fercec,N-Ulibin,M/Pula 2000/CBM 78 ext (24)}) (14. Qf2 b6 (14...
d4 $2 15. Nb5 {[%csl Rd4]} e5 16. Ng5 $1 $16 {[%cal Gf1c4] Sadvakasov,
D-Bagirov,R/Istanbul 2000}) 15. Bg2 Bd7 16. Rhe1 Rac8 17. Ne5 Nxe5 18. Rxe5 Kh8
19. Qe3 $14 {Goloshchapov,A-Vysochin,S/Ordzhonikidze 2000}) (14. Qe1 Bd7 15.
Bb5 Rac8 16. Bxc6 Bxc6 17. Nd4 Be8 18. Qe5 Qxe5 19. fxe5 Kf7 $11 {Socko,
B-Gleizerov,E/Rilton Cup 2000}) 14... Bd7 (14... Ne4 15. Qe3 Nxc3 16. Qxc3 Qxc3
17. bxc3 Bd7 18. Rhe1 h6 19. Ne5 Nxe5 20. Rxe5 $14 {Baulig,B-Rashidian,J/
Hessen 1997}) 15. Rhe1 Be8 {[%cal Ge8g6]} 16. Qf2 b6 17. Ng5 {[%csl Re6]} Rac8
18. Qe2 Bf7 $6 {Serious inaccuracy. Black misses a very nice way to get strong
counterchances.} (18... Nb4 $1 19. Nxe6 (19. a3 Nxc2 $1 20. Qxc2 Bg6 $1 {
[%csl Rc1][%cal Gc5b3]} 21. Nge4 Nxe4 $19 {[%cal Gc8c1]}) (19. Kb1 Nxc2 $1 20.
Qxc2 (20. Kxc2 $6 Bg6+ 21. Kc1 Nb3+ $1 22. axb3 Rxc3+ $19) 20... Bg6 21. Nge4
Nxe4 22. Bxe4 dxe4 23. Rxd8+ Qxd8 $17) 19... Qxe6 20. Qxe6+ Nxe6 21. Rxe6 d4
22. Rxe8+ (22. a3 dxc3 23. Rxd8 Na2+ 24. Kb1 Rxd8 25. b3 Bg6 26. Be4 Bxe4 27.
Rxe4 Rd2 $15) 22... Rxe8 23. Rxd4 Rcd8 $5 24. Rxd8 Rxd8 25. a3 Na6 $13) 19. Kb1
a6 20. a3 Rc7 $6 {Once again black opts for passive continuation, while he
still had good counterplay after} (20... Nd4 $1 21. Qe5 (21. Qe3 Nxc2 22. Kxc2
Bg6+ $19) 21... Nxc2 22. Kxc2 (22. Qxf6 gxf6 23. Nxf7 Nxe1 24. Nxd8 Nxg2 $19)
22... Qg6+ 23. Nge4 Nxe4 24. Bxe4 dxe4 25. Rxd8+ Rxd8 $13) 21. Nxf7 Rxf7 (21...
Qxf7 22. b4 $1 $18 {[%csl Re6]}) 22. Nxd5 $1 exd5 23. Bxd5 Rxd5 24. Rxd5 $14 h6
(24... Nd4 $6 25. Qd2 Nf3 26. Rd8+ Rf8 27. Qd5+ Kh8 28. Rxf8+ Qxf8 29. Qxf3 $18
) 25. Red1 Na4 26. c3 b5 27. Rd6 $1 Qf5+ 28. Qc2 Qxc2+ 29. Kxc2 $16 Rc7 {
Black knights are restricted by white rooks that's why black's defensive task
is extremly tough.} 30. Rd7 Rc8 31. Rb7 {[%cal Gd1d7]} Na5 32. Ra7 Nc5 33. Re7
(33. b4 $2 Nc6 $17 {[%csl Ra7]}) 33... Nc6 34. Re3 Kf7 35. b4 Na4 (35... Ne6
36. Rd7+ Kf6 37. Rd6 Ncd8 38. Rxa6 $18) 36. Rd7+ Kf8 37. Rd6 $1 {[%csl Ra4]
Preventing Nb6.} Rc7 (37... Nb6 38. Ree6 $18) 38. Kb3 Kf7 39. f5 h5 (39... Ne7
40. g4 Nc8 41. Rxa6 Ncb6 42. Rd3 $18) 40. c4 Kf8 41. Ree6 $1 $18 Na5+ $5 (41...
Nb8 42. Rd8+ $18) 42. bxa5 Nc5+ 43. Kb2 Nxe6 44. fxe6 bxc4 45. Rxa6 c3+ 46. Kc2
Ke7 47. Rb6 Rc5 48. a6 g5 (48... Ra5 49. Kxc3 Rxa3+ 50. Kb4 Ra2 51. h4 $18) 49.
a7 Ra5 50. Rb7+ Kxe6 51. Kxc3 Rxa3+ 52. Kd4 Ra2 53. Kc5 Kf5 54. Kb6 Kg4 55. Rg7
$1 h4 56. gxh4 Kxh4 57. Kb7 Rb2+ 58. Kc7 Ra2 59. Kb8 Rb2+ 60. Rb7 1-0

[Event "EU-ch 3rd"]
[Site "Batumi"]
[Date "2002.06.12"]
[Round "1"]
[White "Cheparinov, Ivan"]
[Black "Graf, Alexander"]
[Result "0-1"]
[WhiteElo "2457"]
[BlackElo "2623"]
[Annotator "Finkel,A"]
[PlyCount "88"]
[EventDate "2002.06.12"]
[EventType "swiss"]
[EventRounds "13"]
[EventCountry "GEO"]
[SourceTitle "CBM 090"]
[Source "ChessBase"]
[SourceDate "2002.09.20"]
[SourceVersion "1"]
[SourceVersionDate "2002.09.20"]
[SourceQuality "1"]

1. e4 e6 2. d4 d5 3. Nc3 Nf6 4. Bg5 Be7 5. e5 Nfd7 6. Bxe7 Qxe7 7. Qd2 Nb6 $5 {
Usually black is not in the hurry to put the knight to b6, but in this
particular game his plan worked out just about perfectly.} (7... c5 $2 8. Nb5
O-O 9. Nc7 Nc6 (9... Nb6 10. Nxa8 Nxa8 11. c3 cxd4 12. cxd4 Nc6 13. f4 $18 {
Hruby,V-Ware,P/Vienna 1882}) 10. Nxa8 cxd4 11. Nc7 (11. O-O-O $5 $16) 11... a6
12. f4 Nc5 13. Bd3 Qxc7 14. Nf3 f6 15. exf6 Rxf6 16. O-O $16 {Fleurquin,
H-Martin,L/URU-ch 1960}) (7... f6 8. f4 (8. Nb5 Kd8 9. f4 fxe5 10. fxe5 Qh4+
11. Qf2 Qxf2+ 12. Kxf2 a6 13. Na3 c5 14. c3 Nc6 15. Nc2 $14 {Maroczy,G-Breyer,
G/Gothenburg 1920}) 8... O-O 9. Nb5 a6 10. Na3 c5 11. c3 fxe5 12. dxe5 Nc6 13.
Nf3 Rd8 14. Bd3 b5 $132 {Tarrasch,S-Maroczy,G/Monte Carlo 1902}) (7... O-O 8.
Bd3 $6 c5 9. Nb5 a6 10. Nd6 cxd4 11. f4 Nc6 12. Nf3 f6 13. Nxc8 Raxc8 14. exf6
Qxf6 $15 {Kashdan,I-Spielmann,R/Stockholm 1930}) 8. f4 Bd7 9. Nf3 c5 10. O-O-O
(10. Be2 Nc6 (10... cxd4 11. Nxd4) 11. Nb5 O-O 12. c3 $14) 10... c4 11. g4 Na6
12. h4 ({Desrved attention an attempt to play for f5 right away by} 12. Bh3 $5
Na4 13. Nxa4 (13. Ne2 $2 c3 $1 14. Nxc3 Rc8 15. Nxa4 Bxa4 16. b3 Qa3+ 17. Kb1
Nb4 $40 {[%csl Ra2,Rc2]}) 13... Bxa4 14. Qa5 $5 (14. Kb1 Rc8 15. Qc3 Qb4 $11)
14... Qb4 15. Qxb4 Nxb4 16. b3 $14) 12... Na4 13. Nxa4 Bxa4 14. Qa5 Bd7 (14...
Qb4 15. Qxb4 Nxb4 16. b3 $14) 15. Bh3 Nb4 16. a3 $6 {[%csl Ra3] After this
move black has a target on the queenside to play against.} (16. Kb1 $5) 16...
Nc6 17. Qd2 b5 18. f5 b4 $132 19. Qg5 $6 (19. axb4 Nxb4 20. Qe3 (20. f6 gxf6
21. exf6 Qxf6 22. Ne5 c3 23. bxc3 Na2+ 24. Kb2 Qd8 $1 {[%csl Rb2][%cal Ga8b8,
Gd8a5]}) 20... Rb8 21. Kb1 O-O $36) 19... bxa3 20. Qxe7+ (20. Qxg7 axb2+ 21.
Kxb2 Qb4+ 22. Kc1 Rf8 $19 {[%cal Gc4c3,Ga8b8]}) 20... Nxe7 21. bxa3 $6 (21. f6
$5 axb2+ 22. Kxb2 gxf6 23. exf6 Nc6 $15) 21... exf5 22. gxf5 Bxf5 23. Bxf5 Nxf5
$17 {Black is just a pawn up without any compensation for white.} 24. Kd2 Rb8
25. Rb1 Ke7 26. Rhf1 h5 27. a4 a5 {[%cal Gb8b4]} 28. Rb5 (28. c3 Rb3 29. Rxb3
cxb3 30. Rb1 Rb8 31. Kc1 f6 $19) 28... Rxb5 29. axb5 Rb8 30. Rb1 Rb6 31. c3 Kd7
(31... f6) 32. Ng5 f6 33. Nf3 Kc7 34. Kc2 Kd7 35. Kd2 Ke6 36. Kc2 (36. exf6
gxf6 37. Rb2 Nd6 $19) 36... Ne3+ 37. Kd2 Ng4 38. exf6 gxf6 39. Re1+ Kf5 40. Rf1
Rxb5 41. Ng5+ Kg6 42. Ne6 a4 43. Nf4+ Kh6 44. Ra1 Ra5 0-1

[Event "EU-ch 3rd"]
[Site "Batumi"]
[Date "2002.06.17"]
[Round "6"]
[White "Minasian, Artashes"]
[Black "Bagirov, Rufat"]
[Result "1-0"]
[WhiteElo "2572"]
[BlackElo "2516"]
[Annotator "Finkel,A"]
[PlyCount "141"]
[EventDate "2002.06.12"]
[EventType "swiss"]
[EventRounds "13"]
[EventCountry "GEO"]
[SourceTitle "CBM 090"]
[Source "ChessBase"]
[SourceDate "2002.09.20"]
[SourceVersion "1"]
[SourceVersionDate "2002.09.20"]
[SourceQuality "1"]

1. e4 e6 2. d4 d5 3. Nc3 Nf6 4. Bg5 Be7 5. e5 Nfd7 6. h4 c5 $5 {Refusing to
take the gift.} 7. Bxe7 Kxe7 8. dxc5 (8. Qg4 Kf8 9. Nf3 (9. dxc5 Nc6 10. O-O-O
b6 11. Nf3 bxc5 12. Rh3 h5 13. Qf4 $36 {Kashdan,I-Rothman,A/New York 1946})
9... cxd4 (9... Nc6 10. dxc5 Nxc5 11. O-O-O a6 12. Rh3 h6 13. Rg3 Rg8 14. Bd3
Nxd3+ 15. Rxd3 Qb6 16. Rd2 Qc7 17. Qf4 Bd7 18. Ne2 $16 {Bogoljubow,E-Alekhine,
A/POL 1942}) 10. Qxd4 Qb6 11. Qd2 Qxb2 12. Rb1 Qa3 13. Nb5 Qxa2 14. Qb4+ Kg8
15. Nc3 a5 16. Qe7 Qxc2 17. Qe8+ $18 {Spielmann,R-Opocensky,K/Vienna 1923})
8... Nxe5 (8... Qa5 9. Qd2 h6 $4 10. Nxd5+ {1-0 Velimirovic,D-Ristovic,N/
Pozarevac 1995/CBM 49 ext (10)}) 9. Qe2 (9. Qd2 Nbc6 10. O-O-O Re8 11. h5 h6
12. f4 Nd7 13. Bb5 Nxc5 14. Qe3 d4 15. Qe2 Bd7 16. Qc4 Qb6 $132 {Hector,
J-Gleizerov,E/Aaland-Stockholm 1997}) 9... Nbc6 10. O-O-O Kf8 11. f4 Nd7 12.
Nf3 Nxc5 13. Kb1 b6 {This momve is clearly better than 13...b5 tried by Ulibin:
} (13... b5 $6 14. Qe3 Qb6 15. Rxd5 exd5 16. Nxd5 Qd8 17. Qxc5+ Ne7 18. Nc3 a6
19. Be2 $36 {Sakaev,K-Ulibin,M/Dubai 2000}) 14. f5 $5 exf5 (14... Qf6 $6 15. g4
$1 $36 {[%cal Gf1h3,Gg4g5]}) 15. Rxd5 Qf6 16. Qd2 Be6 (16... Ne4 $6 17. Nxe4
fxe4 18. Ne5 $1 {[%csl Gd8]} (18. Rd6 Be6 19. Rxc6 exf3 $132) 18... e3 (18...
Nxe5 19. Rd8+ Ke7 20. Rxh8) 19. Qxe3 Nxe5 20. Rxe5 $14) 17. Rd6 Rd8 18. Bc4 Nb7
({No good is} 18... Bxc4 $2 19. Rxf6 Rxd2 20. Rxc6 Rd8 21. b4 $18 {[%csl Rc4,
Rc5]}) (18... Ne4 $6 19. Nxe4 fxe4 20. Ng5 $1 (20. Bxe6 exf3 $1 $13) 20... Bxc4
21. Rxf6 Rxd2 22. Rxc6 Bb5 23. Rc7 $36 {[%csl Ra7,Rf7,Rf8] and white has very
dangerous initiative.}) 19. Rxd8+ Ncxd8 (19... Qxd8 $5) 20. Nd5 Bxd5 21. Bxd5
Nc5 22. Re1 h6 (22... g6 $4 23. Qh6+ Qg7 24. Re8+ $18) 23. b4 Nce6 24. Bxe6
Nxe6 (24... fxe6 25. Ne5 Kg8 26. Qd7 a5 $13 {[%cal Gg8h7,Gh8f8]}) 25. Qd7 g5 $1
{It's time to think about counterplay on the kingside.} 26. Qxa7 g4 (26... Qc3
$2 27. Qxb6 g4 28. Re3 $16) 27. Ne5 Kg7 28. Qxb6 Qxh4 29. Rf1 f4 $6 ({More
accurate was} 29... Rc8 $1 $13 {with mutul chances.}) 30. Qb7 $1 Qh5 31. Qe4
Rd8 32. Qe2 Kf8 33. Re1 $5 (33. Nxg4 Nd4 34. Qd1 Qg5 $36 {[%cal Gd4b5]}) 33...
Rd4 34. a3 f3 35. gxf3 g3 36. Rg1 Rd5 $6 (36... Qg5 {[%cal Gh6h3]} 37. Qe1 $1
g2 {[%csl Rg2]} 38. Nd3 $16 Rh4 $140 39. Rxg2 $18) 37. Ng4 Nd4 38. Qe4 Nb5 39.
Qh7 (39. Kb2 $5 Qg5 40. Qh7) 39... Ke7 40. Re1+ Kd6 41. Qh8 $1 {[%cal Gh8f6,
Gh8b8]} (41. Kb2 $5) 41... Qf5 42. Qxh6+ Kc7 43. Re7+ $6 (43. Ne3) 43... Rd7
44. Rxd7+ Kxd7 45. Qd2+ Kc7 46. Ne3 $6 {After this move black is back in the
race!} (46. Qe3) 46... Qxf3 $132 47. a4 g2 $2 {Unfortunately for him, not for
long. After correct} (47... Nd6 48. a5 Ne4 $132 {black is out of danger.}) 48.
Nxg2 Nc3+ 49. Ka1 Nd5 (49... Nxa4 50. Qf4+ Qxf4 51. Nxf4 Kd6 52. Ka2 Ke5 53.
Nd3+ Kd4 $16) 50. Kb2 $18 Qf6+ (50... Nxb4 51. Qxb4 Qxg2 52. Qe7+ Kb6 53. Qxf7
$18) 51. Kb3 Qf3+ 52. c3 f5 53. Ne1 Qe4 54. Qd3 $1 Qxe1 55. Qxd5 Qb1+ 56. Kc4
Qa2+ 57. Kc5 Qxa4 58. Qf7+ Kd8 59. Qxf5 Qa7+ 60. Kc4 Qa2+ 61. Kb5 Qe2+ 62. c4
Qe8+ 63. Ka5 Qe1 64. c5 Kc7 65. Qf7+ Kc6 66. Qf6+ Kc7 67. Qd6+ Kc8 68. Qc6+ Kb8
69. Qb5+ Ka7 70. Qd7+ Ka8 71. Ka6 1-0